Hướng dẫn học và ôn luyện Ngữ văn 10

Gorde:
Xehetasun bibliografikoak
Egile nagusia: Nguyễn, Văn Long
Formatua: Liburua
Hizkuntza:Undetermined
Argitaratua: Hà Nội Giáo dục Việt Nam 2012
Gaiak:
Etiketak: Etiketa erantsi
Etiketarik gabe, Izan zaitez lehena erregistro honi etiketa jartzen!
Thư viện lưu trữ: Trung tâm Học liệu Trường Đại học Cần Thơ
LEADER 00657nam a2200205Ia 4500
001 CTU_185096
008 210402s9999 xx 000 0 und d
020 |c 38000 
082 |a 495.9220712 
082 |b L431 
100 |a Nguyễn, Văn Long 
245 0 |a Hướng dẫn học và ôn luyện Ngữ văn 10 
245 0 |c Nguyễn Văn Long chủ biên 
260 |a Hà Nội 
260 |b Giáo dục Việt Nam 
260 |c 2012 
650 |a Philology,Ngữ văn 
650 |x Study and teaching (secondary),Dạy và học (Trung học) 
904 |i Hải 
980 |a Trung tâm Học liệu Trường Đại học Cần Thơ